000
00318nam a2200133Ia 4500
008
150201s1997 xx 000 0 und d
082
_a
617
_b
C97S
100
_a
SPITZ, LEWIS
245
_a
CONCISE PEDIATRIC SURGERY
260
_b
CHAPMAN & HALL
_a
LONDON
_c
1997
300
_a
1-345
650
_a
SURGERY
942
_2
ddc
_c
BK
999
_c
1285
_d
1285